Score 0/15 Timer 01:30
2 Plays Today
Hint 4-Letter Word % Correct
To eject saliva from the mouthSPIT
98.5%
Disney's DonaldDUCK
96.3%
To rotate quickly◙SPIN◙
95.1%
Where a ship is tied up◙DOCK◙
94.4%
A small stainSPOT
92.8%
Fireplace residueSOOT
92.5%
Shortly or not long untilSOON
91.4%
Sheets of paper bound within a coverBOOK
90.7%
Hint 4-Letter Word % Correct
One way to score two-points in basketball, for shortDUNK
86.9%
Blessing or rewardBOON
84.7%
A strong, dark beerBOCK
84.2%
A succession of musical sounds forming a melodyTUNE
77.2%
Quality or character of vocal soundTONE
74.8%
Frank Herbert's 1965 Sci-Fi classicDUNE
74.5%
Pulled apart or destroyed◙TORE◙
65.7%

Today's Daily Dose

You're not logged in!

Compare scores with friends on all Sporcle quizzes.
OR
Log In

Sporcle TV

Today on Sporcle TV


Watch our educational content, quiz creation guides, and fun videos on Sporcle TV.

Show Comments

Extras

Top Quizzes Today


Score Distribution

Your Account Isn't Verified!

In order to create a playlist on Sporcle, you need to verify the email address you used during registration. Go to your Sporcle Settings to finish the process.

Report this User

Report this user for behavior that violates our Community Guidelines.

Details: